Name Dropping #45: Best Actor Oscars (1961-1970) - Statistics

General Stats
  • This quiz has been taken 29 times
  • The average score is 16 of 20
Answer Stats
Hint Extra Hint Answer % Correct
Walter BSA, 1966, The Fortune Cookie Matthau
96%
Gregory BA, 1962, To Kill a Mockingbird Peck
96%
Sidney BA, 1963, Lilies of the Field Poitier
96%
John BA, 1969, True Grit Wayne
96%
Lee BA, 1965, Cat Ballou Marvin
92%
Maximilian BA, 1961, Judgment at Nuremberg Schell
92%
George C. BA, 1970, Patton Scott
92%
Rex BA, 1964, My Fair Lady Harrison
88%
Rod BA, 1967, In the Heat of the Night Steiger
88%
Peter BSA, 1964, Topkapi Ustinov
83%
Cliff BA, 1968, Charly Robertson
79%
Paul BA, 1966, A Man for All Seasons Scofield
79%
Ed BSA, 1962, Sweet Bird of Youth Begley
75%
Martin BSA, 1965, A Thousand Clowns Balsam
67%
Melvyn BSA, 1963, Hud Douglas
67%
George BSA, 1967, Cool Hand Luke Kennedy
67%
Gig BSA, 1969, They Shoot Horses, Don't They? Young
63%
George BSA, 1961, West Side Story Chakiris
54%
John BSA, 1970, Ryan’s Daughter Mills
54%
Jack BSA, 1968, The Subject Was Roses Albertson
50%
No matching quizzes found
Score Distribution
Percent of People with Each Score
Percentile by Number Answered
Your Score History
You have not taken this quiz